000 01092nam a2200277 a 4500
001 000021382
005 20251120073732.0
008 100907s1993 dr c 000 0 spa d
040 _aDO-SdBNP
_bspa
_cBNPHU
082 _a320.97293
_bN964c
100 1 _aNúñez Collado, Agripino
_d1933-2022
_98457
245 1 0 _aConcertación :
_bla cultura del diálogo /
_cAgripino Núñez Collado.
260 _aSantiago de los Caballeros :
_bPUCMM,
_c1993.
300 _a463 p. :
_bretrs. ;
_c23 cm.
490 1 _aDocumentos
_v170
500 _aIncluye índice
500 _aIncluye referencias bibliográficas y notas al pie de páginas
500 _aIncluye datos biográficos del autor en las solapas
590 _aInventariado, 2018/LP
650 4 _aIglesia y problemas sociales
_zRepública Dominicana
_944633
650 4 _aMediación
_zRepública Dominicana
_944634
651 4 _aRepública Dominicana
_xPolítica Y Gobierno
_y1961-
_9204
710 2 _aPontificia Universidad Católica Madre y Maestra
_9843
830 0 _aDocumentos ;
_n170
_944635
910 _aValidado. Control de calidad MFF
999 _c20882
_d20882